Epochen der deutschen Geschichte - Statistiken

Allgemein
  • Dieses Quiz wurde 71 mal gespielt
  • Das Durchschnittsergebnis liegt bei 9 aus 14
Antwortstatistiken
Zeitraum Epoche % Korrekt
ab 1990 Wiedervereinigung, Gegenwart
82%
1919 - 1933 Weimarer Republik
78%
1949 - 1990 Geteiltes Deutschland (BRD und DDR)
77%
1945 - 1949 Nachkriegszeit (Besatzungszonen)
75%
1933 - 1945 Nationalsozialismus (Drittes Reich)
75%
1871 - 1918 Deutsches Kaiserreich
72%
ca. 1050 - 1250 Hochmittelalter
67%
ca. 1500 -1648 Frühe Neuzeit
63%
ca.1250 - 1500 Spätmittelalter
62%
ca.500 - 1050 Frühmittelalter
58%
1648 - 1789 Absolutismus (Barock)
55%
1789 - 1815 Zeitalter der Revolution
50%
1815 - 1866 Deutscher Bund
35%
1866 - 1871 Norddeutscher Bund (Kleindeutsche Lösung)
35%
Keine übereinstimmenden Quizze gefunden
Verteilung der Resultate
Anzahl Personen mit jedem Resultat
Perzentil nach korrekt beantworteten Fragen
Ihre Resultats-Entwicklung
Sie haben dieses Quiz noch nicht gespielt